02446nam a22003497i 4500001000800000003001000008007000500018008004100023040003500064041000800099043000700107084000700114100004000121245012300161264001100284300006000295336002700355337003300382338002800415504004200443520126400485650003901749650003101788650002801819651002101847700002601868773007501894942000901969952009501978999001702073999000602090B-12600CO-BoFNCPt|| 090928s2008 my r eng d  aCO-BoFNCPbspacCO-BoFNCPerda aeng amy aA-1 aTengoua, F. F.941371,eautor.4aut10aPathogenecity of Cameroon strains of Fusarium oxysporum f. sp. elaeidis :bThe causal agent of oil palm vascular wilt. 4c©2008 apáginas 233-237 :bTablas, gráficos, fotografías. atextobtxt2rdacontent asin mediaciónbn2rdamedia avolumenbnc2rdacarrier aIncluye referencias bibliográficas. aDiseases are among the major causes of production losses in oil palm plantations. In Cameroon, certain soils of oil palm plantations are infested by Fusarium oxysporum f. sp. elaeidis, a soil borne fungus, causal agent of oil palm vascular wilt. The vascular wilt leads to the death or unproductiveness of oil palm. The magnitude of yield losses varies from one plantation to another. Hence, 20 strains of F. oxysporum were isolated: 19 from the Cameroon Development Corporation (CDC) vascular wilted blocks in the South West province and 1 from the Société Camerounaise des Palmeraies (SOCAPALM) Dibombari's block in the Littoral province. This study was aimed at assessing the pathogenecity of the strains. Two-month-old pre-nursery seedlings were inoculated with 5 x 10(6) spores from each strain. They were splitted 8 months after inoculation to record internal symptoms of vascular wilt. The percentage of seedlings attacked varied widely from 0 percent to nearly 50 percent (mean18 percent). With regard to the variability in the pathogenecity of the strains studied, further work would consist of searching for the most aggressive among the 20 strains for the screening of oil palm planting materials to be supplied to oil palm growers in Cameroon. 0aEnfermedades de las plantas.99341 0aFusarium oxysporum.911026 0aPalma de aceite937678. 094399aCamerún.1 aBakoumé, C.941028.0 aThe Planter (Malasia)gv. 84, no. 985 (2008), p.233-237wA-x0126-575x 2zc1 00102z4070a2b2d2013-10-21l0oA-pR-12600r2013-10-21 00:00:00tEj. 1w2013-10-21y1 c26572d26572 z1